Návrh riadenia dopravného uzla cestnou svetelnou signalizáciou (CSS), automatizácia činnosti a simulácia riešenia v programe

Guardado en:
Detalles Bibliográficos
Autor principal: Vlachovič, Pavol, 1982- (Autor)
Otros Autores: Hájek, Ondrej, 1956- (xxx)
Formato: Manuscrito Libro
Lenguaje:eslovaco
Publicado: STU v Bratislave MTF UIAM, 2010
Acceso en línea:VAIS
Etiquetas: Agregar Etiqueta
Sin Etiquetas, Sea el primero en etiquetar este registro!

MARC

LEADER 00000ntm a22000003a 4500
001 stu207098
005 20160719160254.5
008 100710s2010------------------------slo-d
040 |a STU  |b slo 
041 0 |a slo 
100 1 |a Vlachovič, Pavol,  |d 1982-  |4 aut  |X 57410  |7 A000057410 
242 0 0 |a A proposal of controling a traffic junction through traffic signals (CSS), the automation of operation and solution simulation in a program  |y eng 
245 1 |a Návrh riadenia dopravného uzla cestnou svetelnou signalizáciou (CSS), automatizácia činnosti a simulácia riešenia v programe 
260 |b STU v Bratislave MTF UIAM,  |c 2010 
700 1 |a Hájek, Ondrej,  |d 1956-  |4 xxx  |X 71867  |7 A000071867 
856 4 |a info a plný text  |u http://is.stuba.sk/zp/portal_zp.pl?podrobnosti=75215  |3 VAIS 
996 |c M*DP-9287  |l MMSKP  |s P  |a 0  |w stu207098_0001